|
|
|
|
| LEADER |
00000nam a22000007a 4500 |
| 005 |
20190524004425.0 |
| 007 |
cr|||| |||| |
| 008 |
190524s2015 ar |||||s|||| 00||0 spa d |
| 020 |
|
|
|a 978-987-643-124-8
|
| 035 |
|
|
|a 23698
|
| 040 |
|
|
|a vLex
|
| 090 |
|
|
|c 8802
|d 8802
|
| 100 |
1 |
|
|a Zavala De Gonzl̀ez, Matilde
|
| 245 |
1 |
2 |
|a La responsabilidad civil en el nuevo Cd̤igo
|h [Recurso electrn̤ico] /
|c Matilde Zavala De Gonzl̀ez
|n Tomo I
|
| 256 |
|
|
|a Servicio en ln̕ea
|
| 260 |
|
|
|a Cr̤doba:
|b Alveroni Ediciones,
|c 2015
|
| 300 |
|
|
|a 1 recurso electrn̤ico
|
| 506 |
1 |
|
|a Disponible solo en los productos indicados
|d vLex Global
|d vLex Global (Academic Edition, excluding Law Schools)
|d vLex Global (U.S. Academic Edition, Law Schools)
|d vLex Global (U.S. Academic Edition, excluding Law Schools)
|d vLex Global (Academic Edition, Law Schools)
|
| 650 |
0 |
4 |
|a Cd̤igo Civil
|z Argentina
|
| 740 |
0 |
|
|a vLex Libros (Servicio en ln̕ea)
|
| 856 |
4 |
0 |
|u http://vlex.com/source/responsabilidad-civil-en-el-nuevo-codigo-tomo-i-23698
|z Acceso restringido
|
| 942 |
|
|
|c BOOK
|
| 999 |
0 |
|
|a Civil Code
|